书目信息 |
| 题名: |
诗经译注
|
|
| 作者: | 祝敏彻 译注 | |
| 分册: | ||
| 出版信息: | 兰州 甘肃人民出版社 1984.10 |
|
| 页数: | 382页 | |
| 开本: | 20cm | |
| 丛书名: | ||
| 单 册: | ||
| 中图分类: | I222.2 | |
| 科图分类: | ||
| 主题词: | 《诗经》 | |
| 电子资源: | ||
| ISBN: | ||
| 000 | 00515nam0 2200193 45 | |
| 001 | 0312221749 | |
| 005 | 20041221162804.4 | |
| 010 | @dCNY3.15 | |
| 100 | @a20031222d1984 km y0chiy0120 ea | |
| 101 | @achi | |
| 105 | @a z 000yy | |
| 200 | 1 | @a诗经译注@AShi Jing Yi Zhu@f祝敏彻等译注@FZhu Min Che Deng Yi Zhu |
| 210 | @a兰州@c甘肃人民出版社@d1984.10 | |
| 215 | @a382页@d20cm | |
| 606 | 0 | @a《诗经》 |
| 690 | @aI222.2@v3 | |
| 701 | 0 | @a祝敏彻@4译注 |
| 801 | @aCN@bTSTCL@c20031222 | |
| 905 | @dI222.2@e202@f1@b124383 | |
| 诗经译注/祝敏彻等译注.-兰州:甘肃人民出版社,1984.10 |
| 382页;20cm |
| ISBN :CNY3.15 |
| ● |
| 相关链接 |
|
|
|
|
正题名:诗经译注
索取号:I222.2/202
 
预约/预借
| 序号 | 登录号 | 条形码 | 馆藏地/架位号 | 状态 | 备注 |
| 1 | 0124379 | 000974468 | 第二借阅区/ [索取号:I222.2/202] | 在馆 | |
| 2 | 0124380 | 000974501 | 第二借阅区/ [索取号:I222.2/202] | 在馆 | |
| 3 | 0124381 | 000974618 | 第二借阅区/ [索取号:I222.2/202] | 在馆 | |
| 4 | 0124383 | 001974876 | 第二借阅区/ [索取号:I222.2/202] | 在馆 | |
| 5 | 0124384 | 202080559 | 第一样本阅览室/ [索取号:I222.2/202] | 在馆 |